Personnes au nom comestible - Statistiques

Statistiques générales
  • Ce quiz a été pris 10 391 fois
  • Le résultat moyen est 4 sur 12
Statistiques - réponses
Par images Hint Réponse % Correct
Charlotte aux Fraises
85%
Chanteuse Pomme
76%
Personnage publicitaire Cerise de Groupama
58%
Joueur de basket Stephen Curry
50%
Personnage biblique Marie Madeleine
46%
Pimprenelle
28%
Olive Oyl
25%
Femme politique Clémentine Autain
20%
Femme politique Édith Cresson
18%
Actrice Brie Larson
16%
Acteur Kevin Bacon
15%
Noble britannique John Montagu, Comte de Sandwich
12%
Aucun quiz correspondant
Distribution des résultats
% des personnes avec chaque résultat
Percentile par nombre de réponses
Votre historique - résultats
Vous n’avez pas pris ce quiz